| 000 | 01275nam0a2200373 4500 | ||
|---|---|---|---|
| 001 | RU\NLR\bibl\230564 | ||
| 005 | 20260406051814.0 | ||
| 010 |
_a5-04-007432-8 _98000 |
||
| 021 |
_aRU _b2001-36140 _91719 |
||
| 035 | _a(NLR Aleph) 000226524 | ||
| 090 |
_a1317721 _c1317721 |
||
| 100 | _a20011217d2001 |||y0rusy50 ca | ||
| 101 | 1 |
_arus _ceng |
|
| 102 | _aRU | ||
| 105 | _ay ||||||||| | ||
| 200 | 1 |
_aПиратская принцесса _eРоман _fДебора Мартин _g[Пер. с англ. Д. Крупской] |
|
| 210 |
_aМ. _cЭКСМО-пресс _d2001 |
||
| 215 |
_a351 с. _d17 |
||
| 225 | 1 | _aЛучшие романы о любви | |
| 610 | 0 | _aЖенщина в США (х. л.) | |
| 610 | 0 | _aСША, 19 в. (х. л.) | |
| 610 | 0 | _aПриключенческие романы и рассказы (х. л.) | |
| 675 |
_a821.111(73)-31Мартин _v3 _zrus |
||
| 686 |
_a17.82 _2rugasnti |
||
| 686 |
_a84(7Сое)-44 _2rubbk |
||
| 686 | _aШ6(7США)67-440.4 | ||
| 700 | 1 |
_4070 _7ca _8rus _aМартин _bД. _f1958- _gДебора _3RU\NLR\AUTH\776984 _9116928 |
|
| 801 | 0 |
_aRU _bRKP _c20011217 _gPSBO |
|
| 801 | 1 |
_aRU _bRKP _c20011217 |
|
| 801 | 2 |
_aRU _bNLR _c20020313 _grcr |
|
| 942 | _cBOOK | ||
| 980 | _aNB | ||